Historia del Cuerpo de Bomberos de Valparaíso
Guardat en:
| Format: | Llibre |
|---|---|
| Idioma: | espanyol |
| Publicat: |
Santiago
Imprenta Salesianos
1998
|
| Matèries: | |
| Etiquetes: |
Afegir etiqueta
Sense etiquetes, Sigues el primer a etiquetar aquest registre!
|
MARC
| LEADER | 00000nam a2200000 a 4500 | ||
|---|---|---|---|
| 001 | UCP6286 | ||
| 003 | CL-VaPUC | ||
| 008 | 991021e19980000CL |||||||||||||||||spa|d | ||
| 082 | 0 | 4 | |a 363.37 |b HIS |2 21 |
| 245 | 1 | 0 | |a Historia del Cuerpo de Bomberos de Valparaíso |
| 300 | |a 225 p | ||
| 651 | 0 | |a Valparaíso, Chile |9 261144 | |
| 942 | |c BK | ||
| 945 | |d 19991021 00:00:00 |a rbrito | ||
| 260 | |a Santiago |b Imprenta Salesianos |c 1998 | ||
| 650 | 7 | |a BOMBEROS |2 CL-VaPUC |9 435295 | |
| 650 | 0 | |a Historia |9 255047 | |
| 583 | |a last modification |c 19991021 00:00:00 |k Rodrigo Vera | ||
| 999 | |c 283882 |d 283880 | ||
| 952 | |0 0 |1 0 |4 0 |6 363_370000000000000_HIS_1998 |7 0 |8 X |9 327401 |a BIBHIS |b BIBHIS |d 2019-11-20 |i 3571149 |l 1 |o 363.37 HIS 1998 |p 3571149 |r 2024-01-30 |s 2023-06-06 |w 2019-11-20 |y BK_X |k HIS | ||